Normal view MARC view
  • Dr. Syed Sajjad Haider Zaidi

Entry Personal Name

Number of records used in: 5

001 - CONTROL NUMBER

  • control field: 29607

003 - CONTROL NUMBER IDENTIFIER

  • control field: NUST

005 - DATE AND TIME OF LATEST TRANSACTION

  • control field: 20200831113221.0

008 - FIXED-LENGTH DATA ELEMENTS

  • fixed length control field: 200831|| aca||aabn | a|a d

040 ## - CATALOGING SOURCE

  • Original cataloging agency: NUST
  • Transcribing agency: NUST

100 ## - HEADING--PERSONAL NAME

  • Personal name: Dr. Syed Sajjad Haider Zaidi

670 ## - SOURCE DATA FOUND

  • Source citation: Work cat.: (NUST): Javaid, Salman 29606, Development of an Embedded System for Implementation of Electrical Machine fault Diagnosis Algorithm /, 2013.
© 2023 Central Library, National University of Sciences and Technology. All Rights Reserved.